| 000 | 00816na a2200265 4500 | ||
|---|---|---|---|
| 001 | 21764 | ||
| 003 | MIRAKIL | ||
| 005 | 20181226092843.0 | ||
| 008 | 170215b tu n0 0 0 | ||
| 035 | _a20919 | ||
| 040 |
_aMilas _btur _cTR-AnCHP |
||
| 041 | _atur | ||
| 082 |
_a050 _bİST 2007- |
||
| 090 | _a050 DER 7 | ||
| 245 | _aİstanbulum | ||
| 260 |
_aİstanbul _bBak Yayıncılık Ltd. Şti _c2007- |
||
| 300 |
_ac. _brnk. res. _c29 sm. |
||
| 310 | _aAylık | ||
| 362 | _a1. sayı (Mart 2007)- | ||
| 500 | _aMevcut sayılar: (Tanıtım Özel Sayısı) Mart 2007; (Kurultay Özel Sayı) 2007; (2) Nisan 2007; (3) Mayıs 2007; (4) Haziran 2007 | ||
| 500 | _aAktüalite ve magazin dergisi | ||
| 650 |
_aKent kültürü _xMagazin dergisi |
||
| 651 |
_aİstanbul _ySüreli yayınlar |
||
| 942 |
_2ddc _cSER |
||
| 999 |
_c11374 _d11374 |
||